From thunder to breakfast / (Record no. 758)

MARC details
000 -LEADER
fixed length control field 01038cam a2200325 i 4500
005 - DATE AND TIME OF LATEST TRANSACTION
control field 20260322212033.0
008 - FIXED-LENGTH DATA ELEMENTS--GENERAL INFORMATION
fixed length control field data
010 ## - LIBRARY OF CONGRESS CONTROL NUMBER
LC control number 79104738
020 ## - INTERNATIONAL STANDARD BOOK NUMBER
International Standard Book Number 087358175X :
Terms of availability {dollar}10.50
020 ## - INTERNATIONAL STANDARD BOOK NUMBER
International Standard Book Number 0873581784 (pbk.)
020 ## - INTERNATIONAL STANDARD BOOK NUMBER
International Standard Book Number 9780873581752 :
Terms of availability {dollar}10.50
020 ## - INTERNATIONAL STANDARD BOOK NUMBER
International Standard Book Number 9780873581783 (pbk.)
040 ## - CATALOGING SOURCE
Original cataloging agency DLC
Transcribing agency DLC
Modifying agency DLC
043 ## - GEOGRAPHIC AREA CODE
Geographic area code n-us-az
050 00 - LIBRARY OF CONGRESS CALL NUMBER
Classification number F811.6
Item number .Y37 1978
082 00 - DEWEY DECIMAL CLASSIFICATION NUMBER
Classification number 979.1/05
092 ## - LOCALLY ASSIGNED DEWEY CALL NUMBER (OCLC)
Classification number 979.1 Y37 1978
001 - CONTROL NUMBER
control field data
100 1# - MAIN ENTRY--PERSONAL NAME
Personal name Yates, Hube.
245 10 - TITLE STATEMENT
Title From thunder to breakfast /
Statement of responsibility, etc. Hube Yates & Gene K. Garrison.
250 ## - EDITION STATEMENT
Edition statement Rev. and enl.
260 ## - PUBLICATION, DISTRIBUTION, ETC.
Place of publication, distribution, etc. Flagstaff, Ariz. :
Name of publisher, distributor, etc. Northland Press,
Date of publication, distribution, etc. c1978.
300 ## - PHYSICAL DESCRIPTION
Extent xii, 187 p. :
Other physical details ill. ;
Dimensions 23 cm.
500 ## - GENERAL NOTE
General note Edition statement also appears as: Revised second edition.
600 10 - SUBJECT ADDED ENTRY--PERSONAL NAME
Personal name Yates, Hube
General subdivision Anecdotes.
651 #0 - SUBJECT ADDED ENTRY--GEOGRAPHIC NAME
Geographic name Arizona
General subdivision Anecdotes.
-- Anecdotes.
651 #0 - SUBJECT ADDED ENTRY--GEOGRAPHIC NAME
Geographic name Arizona
General subdivision Anecdotes.
-- Anecdotes.
700 1# - ADDED ENTRY--PERSONAL NAME
Personal name Garrison, Gene K.,
Relator term joint author.
856 41 - ELECTRONIC LOCATION AND ACCESS
Materials specified Table of contents
Uniform Resource Identifier <a href="http://www.loc.gov/catdir/toc/fy0603/79104738.html">http://www.loc.gov/catdir/toc/fy0603/79104738.html</a>
Holdings
Withdrawn status Lost status Damaged status Not for loan Home library Current library Shelving location Date acquired Total checkouts Full call number Barcode Date last seen Price effective from Koha item type
        Pleasant Valley Pleasant Valley General stacks 22/03/2026   979.1/05 BC0010777 22/03/2026 22/03/2026 Books